| 000 | 00755nmc a2200289 a 4500 | ||
|---|---|---|---|
| 003 | AR-BaBNM | ||
| 005 | 20251128205607.0 | ||
| 008 | 278019s1991 ||||||||||||||000 | spa|| | ||
| 020 | _a950-13-2251-3 | ||
| 040 | _cAR-BaBNM | ||
| 100 | 1 | _aMartÃ, José | |
| 245 | 1 | 0 | _aLa edad de oro |
| 260 |
_aBuenos Aires _bKapelusz _c1991 |
||
| 300 | 0 | _a218 p. | |
| 490 | 0 |
_aGrandes obras de la literatura universal _vv. 112 |
|
| 650 | 4 | _aLITERATURA LATINOAMERICANA | |
| 650 | 4 | _aCRITICA LITERARIA | |
| 650 | 4 | _aPERIODISMO | |
| 650 | 4 | _aCOMPOSICION LITERARIA | |
| 650 | 4 | _aPOESIA | |
| 653 | _aMODERNISMO | ||
| 653 | _aLITERATURA CUBANA | ||
| 655 | _aLITERATURA | ||
| 700 | 1 |
_aMerlino, Carlos Alberto _eprologuista |
|
| 942 | _cBK | ||
| 998 | _cMARTIN | ||
| 999 |
_c12044 _d12044 |
||